[Event "Bad Woerishofen Seniors op 32nd"]
[Site "Bad Woerishofen"]
[Date "2016.03.05"]
[Round "9"]
[White "Westermayer, Johann"]
[Black "Mueller, Dieter5555"]
[Result "0-1"]
[WhiteElo "1599"]
[BlackElo "1701"]
[PlyCount "20"]
[EventDate "2016.02.26"]
[EventType "swiss"]
[EventRounds "9"]
[EventCountry "GER"]
[SourceTitle "EXT 2019"]
[Source "ChessBase"]
[SourceDate "2018.10.10"]
[SourceVersion "1"]
[SourceVersionDate "2018.10.10"]
[SourceQuality "1"]

1. d4 d6 2. Nf3 Nf6 3. c4 g6 4. Bg5 Bg7 5. e3 h6 6. Bh4 g5 7. Bg3 Nh5 8. Be2 Nxg3 9. hxg3 c5 10. d5 Bxb2 0-1

[Event "Graz Land-ch"]
[Site "Graz"]
[Date "2014.09.12"]
[Round "5"]
[White "Westermayer, Johann"]
[Black "Konrad, Johann"]
[Result "1/2-1/2"]
[WhiteElo "1615"]
[BlackElo "1505"]
[PlyCount "40"]
[EventDate "2014.09.08"]
[EventType "swiss"]
[EventRounds "7"]
[EventCountry "AUT"]
[SourceTitle "CBM 162 Extra"]
[Source "ChessBase"]
[SourceDate "2014.10.17"]
[SourceVersion "1"]
[SourceVersionDate "2014.10.17"]
[SourceQuality "1"]

1. d4 Nf6 2. c4 e6 3. Nf3 d6 4. Nc3 a6 5. g3 b6 6. Bg2 Bb7 7. 0-0 Be7 8. Re1 Nbd7 9. e4 Nf8 10. d5 e5 11. Rf1 Ng6 12. Ne1 Bc8 13. f4 exf4 14. Bxf4 Nxf4 15. Rxf4 0-0 16. h3 Bd7 17. Qe2 Qc8 18. Kh2 c6 19. dxc6 Bxc6 20. Nd5 Nxd5 1/2-1/2

[Event "Graz Land-ch"]
[Site "Graz"]
[Date "2014.09.09"]
[Round "2"]
[White "Kapus, Florian"]
[Black "Westermayer, Johann"]
[Result "1-0"]
[WhiteElo "1909"]
[BlackElo "1615"]
[PlyCount "53"]
[EventDate "2014.09.08"]
[EventType "swiss"]
[EventRounds "7"]
[EventCountry "AUT"]
[SourceTitle "CBM 162 Extra"]
[Source "ChessBase"]
[SourceDate "2014.10.17"]
[SourceVersion "1"]
[SourceVersionDate "2014.10.17"]
[SourceQuality "1"]

1. d4 Nf6 2. Nf3 c5 3. d5 d6 4. c4 g6 5. Nc3 Bg7 6. e4 0-0 7. Be2 e6 8. 0-0 exd5 9. cxd5 Re8 10. Qc2 Na6 11. Bxa6 bxa6 12. Re1 Nd7 13. Bf4 Ne5 14. Nxe5 Bxe5 15. Bxe5 Rxe5 16. Rad1 Re8 17. f4 f6 18. Rd3 Qc7 19. Rg3 Kh8 20. Rge3 Bb7 21. Nd1 Qg7 22. Qc4 Rac8 23. Nf2 h5 24. Nd3 Kh7 25. e5 fxe5 26. fxe5 Re7 27. exd6 1-0

[Event "Bad Woerishofen Seniors op 30th"]
[Site "Bad Woerishofen"]
[Date "2014.03.28"]
[Round "8"]
[White "Buss, Richard"]
[Black "Westermayer, Johann"]
[Result "1/2-1/2"]
[WhiteElo "1628"]
[BlackElo "1643"]
[PlyCount "98"]
[EventDate "2014.03.21"]
[EventType "swiss"]
[EventRounds "9"]
[EventCountry "GER"]
[SourceTitle "EXT 2019"]
[Source "ChessBase"]
[SourceDate "2018.10.10"]
[SourceVersion "1"]
[SourceVersionDate "2018.10.10"]
[SourceQuality "1"]

1. e4 c5 2. Nf3 g6 3. Bc4 Bg7 4. c3 Nc6 5. a3 d6 6. d3 e6 7. Bg5 Qc7 8. Nbd2 h6 9. Be3 b6 10. 0-0 Nge7 11. Re1 0-0 12. Qc1 Bb7 13. d4 d5 14. exd5 exd5 15. Bd3 Kh7 16. dxc5 bxc5 17. Bxc5 Rae8 18. Bxe7 Rxe7 19. Rxe7 Qxe7 20. Qc2 Re8 21. Re1 Qd8 22. Rxe8 Qxe8 23. Kf1 Ne5 24. Nxe5 Bxe5 25. Nf3 Bg7 26. Qe2 Qe6 27. Qxe6 fxe6 28. Nd4 e5 29. Ne6 Bf6 30. Nf8+ Kg7 31. Ne6+ Kf7 32. Nc5 Bc8 33. h3 g5 34. f3 Be7 35. Nb3 Bd7 36. Nd2 a5 37. Ke1 Bc5 38. Nb3 Bb6 39. Nd2 Ke6 40. b3 Kd6 41. c4 Bc6 42. cxd5 Bxd5 43. Nc4+ Bxc4 44. Bxc4 Kc5 45. a4 Kd6 46. g4 Kc5 47. Kd2 Kd4 48. Kc2 Bd8 49. Bd3 Bc7 1/2-1/2

[Event "Bad Woerishofen Seniors op 30th"]
[Site "Bad Woerishofen"]
[Date "2014.03.21"]
[Round "1"]
[White "Young, Melvyn Jack"]
[Black "Westermayer, Johann"]
[Result "1-0"]
[WhiteElo "1917"]
[BlackElo "1643"]
[PlyCount "95"]
[EventDate "2014.03.21"]
[EventType "swiss"]
[EventRounds "9"]
[EventCountry "GER"]
[SourceTitle "EXT 2019"]
[Source "ChessBase"]
[SourceDate "2018.10.10"]
[SourceVersion "1"]
[SourceVersionDate "2018.10.10"]
[SourceQuality "1"]

1. e4 c6 2. d4 d5 3. exd5 cxd5 4. c4 Nf6 5. Nc3 e6 6. Nf3 Bb4 7. Bd3 dxc4 8. Bxc4 0-0 9. 0-0 a6 10. Bg5 Be7 11. Qd2 b5 12. Bd3 Bb7 13. Bxf6 Bxf6 14. Ne4 Bxe4 15. Bxe4 Ra7 16. Rac1 Rc7 17. Qd3 h6 18. Ne5 Rxc1 19. Rxc1 Bxe5 20. dxe5 Qxd3 21. Bxd3 Rd8 22. Be4 Kf8 23. g3 Ke7 24. Kg2 Rd2 25. Rc7+ Rd7 26. Rc2 Kd8 27. Kf3 Rc7 28. Rd2+ Rd7 29. Ke3 Rxd2 30. Kxd2 Nd7 31. f4 Kc7 32. Kc3 f6 33. exf6 gxf6 34. g4 e5 35. f5 Kb6 36. b4 Kc7 37. Bd5 Nf8 38. Kd3 Nd7 39. h4 Nb6 40. Bb3 Kd6 41. Bd1 Nd5 42. a3 Nc7 43. Bf3 Ke7 44. Bb7 Kd6 45. Ke4 Ke7 46. g5 hxg5 47. hxg5 fxg5 48. Kxe5 1-0

[Event "Bad Woerishofen Seniors op 27th"]
[Site "Bad Woerishofen"]
[Date "2011.03.31"]
[Round "9"]
[White "Jurgan, Brigitte"]
[Black "Westermayer, Johann"]
[Result "1/2-1/2"]
[WhiteElo "1518"]
[BlackElo "1684"]
[PlyCount "33"]
[EventDate "2011.03.24"]
[EventType "swiss"]
[EventRounds "9"]
[EventCountry "GER"]
[SourceTitle "EXT 2012"]
[Source "ChessBase"]
[SourceDate "2011.11.24"]
[SourceVersion "1"]
[SourceVersionDate "2011.11.24"]
[SourceQuality "1"]

1. d4 Nf6 2. Nf3 d5 3. g3 c6 4. c3 Bf5 5. Bg5 e6 6. Bxf6 Qxf6 7. Nbd2 Qd8 8. Bg2 Nd7 9. 0-0 c5 10. Nb3 c4 11. Nbd2 b5 12. Re1 Be7 13. e4 dxe4 14. Nxe4 Nb6 15. Nc5 Bxc5 16. dxc5 Qxd1 17. Raxd1 1/2-1/2

[Event "Graz op-A 16th"]
[Site "Graz"]
[Date "2009.09.03"]
[Round "6"]
[White "Spelec, Darko"]
[Black "Westermayer, Johann"]
[Result "1-0"]
[WhiteElo "1948"]
[BlackElo "1727"]
[PlyCount "69"]
[EventDate "2009.08.29"]
[EventType "swiss"]
[EventRounds "9"]
[EventCountry "AUT"]
[SourceTitle "CBM 132 Extra"]
[Source "ChessBase"]
[SourceDate "2009.11.03"]
[SourceVersion "1"]
[SourceVersionDate "2009.11.03"]
[SourceQuality "1"]

1. d4 g6 2. e4 Bg7 3. c4 d6 4. Nc3 Nf6 5. f3 0-0 6. Be3 e5 7. Nge2 exd4 8. Nxd4 Nc6 9. Qd2 Nxd4 10. Bxd4 Be6 11. h4 h5 12. Be3 c6 13. Bh6 d5 14. 0-0-0 dxc4 15. Qg5 Qc7 16. Bxg7 Kxg7 17. g4 Nh7 18. Qe3 hxg4 19. h5 g5 20. e5 Bd5 21. Rxd5 cxd5 22. Nxd5 Qd8 23. Nf6 c3 24. Bd3 cxb2+ 25. Kb1 Rh8 26. h6+ Kf8 27. Nxh7+ Rxh7 28. Bxh7 Rc8 29. Qa3+ Qe7 30. Qxe7+ Kxe7 31. fxg4 Rc1+ 32. Rxc1 bxc1Q+ 33. Kxc1 Kf8 34. Kb2 f6 35. e6 1-0

[Event "Graz op-A 16th"]
[Site "Graz"]
[Date "2009.08.30"]
[Round "2"]
[White "Tomazini, Zan"]
[Black "Westermayer, Johann"]
[Result "1-0"]
[WhiteElo "2119"]
[BlackElo "1727"]
[PlyCount "61"]
[EventDate "2009.08.29"]
[EventType "swiss"]
[EventRounds "9"]
[EventCountry "AUT"]
[SourceTitle "CBM 132 Extra"]
[Source "ChessBase"]
[SourceDate "2009.11.03"]
[SourceVersion "1"]
[SourceVersionDate "2009.11.03"]
[SourceQuality "1"]

1. e4 g6 2. d4 Bg7 3. Nc3 c6 4. Be3 d5 5. f3 Nf6 6. e5 Nfd7 7. Qd2 b5 8. Bh6 0-0 9. h4 Re8 10. Bxg7 Kxg7 11. h5 Nf8 12. Bd3 Bf5 13. Bxf5 gxf5 14. Qg5+ Kh8 15. Qxf5 e6 16. Qxf7 Qe7 17. Qf4 Nfd7 18. g4 Rf8 19. Qe3 Qf7 20. Rh3 Na6 21. Rd1 Qf4 22. Qxf4 Rxf4 23. Nge2 Rf7 24. Kd2 b4 25. Na4 c5 26. c3 Nb6 27. Nxb6 axb6 28. f4 Nc7 29. Ra1 b3 30. a3 Raf8 31. Rf1 1-0

[Event "Graz op-A 16th"]
[Site "Graz"]
[Date "2009.08.29"]
[Round "1"]
[White "Westermayer, Johann"]
[Black "Karrer, Damian"]
[Result "0-1"]
[WhiteElo "1727"]
[BlackElo "2159"]
[PlyCount "42"]
[EventDate "2009.08.29"]
[EventType "swiss"]
[EventRounds "9"]
[EventCountry "AUT"]
[SourceTitle "CBM 132 Extra"]
[Source "ChessBase"]
[SourceDate "2009.11.03"]
[SourceVersion "1"]
[SourceVersionDate "2009.11.03"]
[SourceQuality "1"]

1. d4 f5 2. c4 Nf6 3. Nc3 d6 4. Nf3 g6 5. g3 Bg7 6. Bg2 0-0 7. 0-0 Qe8 8. Re1 Qf7 9. d5 Ne4 10. Ng5 Nxc3 11. bxc3 Qf6 12. Bd2 h6 13. Nh3 Na6 14. f3 Nc5 15. Nf2 Bd7 16. Nd3 Na4 17. Rc1 a5 18. e4 Nb6 19. Nb2 a4 20. a3 fxe4 21. Rxe4 Bf5 0-1

[Event "Graz op-A"]
[Site "Graz"]
[Date "2008.09.07"]
[Round "9"]
[White "Westermayer, Johann"]
[Black "Kunschek, Horst"]
[Result "0-1"]
[WhiteElo "1815"]
[BlackElo "2023"]
[PlyCount "20"]
[EventDate "2008.08.30"]
[EventType "swiss"]
[EventRounds "9"]
[EventCountry "AUT"]
[SourceTitle "CBM 126 Extra"]
[Source "ChessBase"]
[SourceDate "2008.11.05"]
[SourceVersion "1"]
[SourceVersionDate "2008.11.05"]
[SourceQuality "1"]

1. c4 Nc6 2. g3 e5 3. Bg2 Nf6 4. a3 d5 5. cxd5 Nxd5 6. d3 Be7 7. Nf3 0-0 8. 0-0 Be6 9. Nc3 h6 10. b4 Nxc3 0-1

[Event "Graz op-A"]
[Site "Graz"]
[Date "2008.09.06"]
[Round "8"]
[White "Westermayer, Johann"]
[Black "Neubauer, Anton"]
[Result "0-1"]
[WhiteElo "1815"]
[BlackElo "1997"]
[PlyCount "46"]
[EventDate "2008.08.30"]
[EventType "swiss"]
[EventRounds "9"]
[EventCountry "AUT"]
[SourceTitle "CBM 126 Extra"]
[Source "ChessBase"]
[SourceDate "2008.11.05"]
[SourceVersion "1"]
[SourceVersionDate "2008.11.05"]
[SourceQuality "1"]

1. d4 d5 2. Nc3 Nf6 3. Bg5 c6 4. Nf3 h6 5. Bh4 Bf5 6. e3 Nbd7 7. Bd3 Bxd3 8. cxd3 e6 9. 0-0 Be7 10. e4 g5 11. Bg3 Nh5 12. e5 Qb6 13. Rb1 Ng7 14. Ne2 Nf5 15. h3 Nf8 16. Bh2 Ng6 17. g4 Ng7 18. Nd2 h5 19. Kg2 Nh4+ 20. Kg1 hxg4 21. hxg4 0-0-0 22. Bg3 Qa5 23. a3 Qxd2 0-1

[Event "Bad Woerishofen Seniors op 24th"]
[Site "Bad Woerishofen"]
[Date "2008.03.05"]
[Round "7"]
[White "Hommann, Horst"]
[Black "Westermayer, Johann"]
[Result "1-0"]
[WhiteElo "1734"]
[BlackElo "1592"]
[PlyCount "63"]
[EventDate "2008.02.28"]
[EventType "swiss"]
[EventRounds "9"]
[EventCountry "GER"]
[SourceTitle "EXT 2022"]
[Source "ChessBase"]
[SourceDate "2021.10.06"]
[SourceVersion "1"]
[SourceVersionDate "2021.10.06"]
[SourceQuality "1"]

1. c4 Nf6 2. Nf3 g6 3. Nc3 d5 4. d4 Bg7 5. Bg5 Ne4 6. cxd5 Nxg5 7. Nxg5 e6 8. Qd2 exd5 9. Qe3+ Kf8 10. Qf4 f6 11. e4 Kg8 12. Nf3 dxe4 13. Bc4+ Kf8 14. Qxe4 c6 15. 0-0 Bf5 16. Qe2 Nd7 17. Rfe1 Nb6 18. Bb3 Bh6 19. Rad1 Qe8 20. Qf1 Qd7 21. Nh4 Re8 22. Rxe8+ Kxe8 23. Qe2+ Qe7 24. Nxf5 Qxe2 25. Nxe2 gxf5 26. Ng3 f4 27. Nf5 Bf8 28. Kf1 h5 29. Rd3 Nd5 30. Bxd5 cxd5 31. Rf3 Bb4 32. Rb3 1-0

[Event "Bad Woerishofen Seniors op 24th"]
[Site "Bad Woerishofen"]
[Date "2008.03.02"]
[Round "4"]
[White "Westermayer, Johann"]
[Black "Dinser, Hans"]
[Result "1/2-1/2"]
[WhiteElo "1592"]
[BlackElo "1683"]
[PlyCount "35"]
[EventDate "2008.02.28"]
[EventType "swiss"]
[EventRounds "9"]
[EventCountry "GER"]
[SourceTitle "EXT 2022"]
[Source "ChessBase"]
[SourceDate "2021.10.06"]
[SourceVersion "1"]
[SourceVersionDate "2021.10.06"]
[SourceQuality "1"]

1. c4 e5 2. g3 b6 3. Bg2 Nc6 4. e4 Bb7 5. Ne2 Nf6 6. d3 Bc5 7. 0-0 0-0 8. Nbc3 d6 9. Bg5 h6 10. Bxf6 Qxf6 11. Nd5 Qd8 12. a3 a5 13. Kh1 Nd4 14. f4 Nxe2 15. Qxe2 Bd4 16. f5 c6 17. Ne3 f6 18. Rab1 1/2-1/2

[Event "Bad Woerishofen Seniors opA 23rd"]
[Site "Bad Woerishofen"]
[Date "2007.03.15"]
[Round "8"]
[White "Alefs, Heinz"]
[Black "Westermayer, Johann"]
[Result "1/2-1/2"]
[WhiteElo "1700"]
[BlackElo "1619"]
[PlyCount "34"]
[EventDate "2007.03.08"]
[EventType "swiss"]
[EventRounds "9"]
[EventCountry "GER"]
[SourceTitle "EXT 2022"]
[Source "ChessBase"]
[SourceDate "2021.10.06"]
[SourceVersion "1"]
[SourceVersionDate "2021.10.06"]
[SourceQuality "1"]

1. d4 d5 2. Nf3 e6 3. e3 c5 4. c3 Nf6 5. Bd3 cxd4 6. Nxd4 Be7 7. Nd2 0-0 8. f4 b6 9. 0-0 Ba6 10. Qe2 Bxd3 11. Qxd3 Nbd7 12. Kh1 Nc5 13. Qe2 Nce4 14. Nc6 Qc7 15. Nxe7+ Qxe7 16. c4 Nxd2 17. Bxd2 dxc4 1/2-1/2

[Event "Bad Woerishofen Seniors opA 22th"]
[Site "Bad Woerishofen"]
[Date "2006.03.25"]
[Round "9"]
[White "Harke, Horst"]
[Black "Westermayer, Johann"]
[Result "1-0"]
[WhiteElo "1623"]
[BlackElo "1657"]
[PlyCount "31"]
[EventDate "2006.03.17"]
[EventType "swiss"]
[EventRounds "9"]
[EventCountry "GER"]
[SourceTitle "EXT 2022"]
[Source "ChessBase"]
[SourceDate "2021.10.06"]
[SourceVersion "1"]
[SourceVersionDate "2021.10.06"]
[SourceQuality "1"]

1. d4 Nf6 2. c4 e6 3. Nc3 d5 4. e3 c5 5. cxd5 exd5 6. Nf3 Nc6 7. Bb5 a6 8. Bxc6+ bxc6 9. Qa4 Qb6 10. 0-0 Bd6 11. dxc5 Bxc5 12. Ne5 Bb7 13. Qc2 Rd8 14. Na4 Qa7 15. Nxc5 Rc8 16. Qa4 1-0

[Event "Bad Woerishofen Seniors opA 22th"]
[Site "Bad Woerishofen"]
[Date "2006.03.17"]
[Round "1"]
[White "Schirmer, Werner"]
[Black "Westermayer, Johann"]
[Result "1/2-1/2"]
[WhiteElo "1907"]
[BlackElo "1657"]
[PlyCount "36"]
[EventDate "2006.03.17"]
[EventType "swiss"]
[EventRounds "9"]
[EventCountry "GER"]
[SourceTitle "EXT 2022"]
[Source "ChessBase"]
[SourceDate "2021.10.06"]
[SourceVersion "1"]
[SourceVersionDate "2021.10.06"]
[SourceQuality "1"]

1. e4 c5 2. Nf3 g6 3. d4 cxd4 4. Nxd4 Nc6 5. c4 Nf6 6. Nc3 Bg7 7. Be3 0-0 8. Be2 d6 9. 0-0 Bd7 10. f3 Nxd4 11. Bxd4 Bc6 12. b4 Ne8 13. b5 Bd7 14. Nd5 Bxd4+ 15. Qxd4 Nc7 16. Qf2 f5 17. exf5 Nxd5 18. cxd5 Bxf5 1/2-1/2

[Event "Seefeld Seniors op 1st"]
[Site "Seefeld"]
[Date "2005.09.23"]
[Round "5.8"]
[White "Westermayer, Johann"]
[Black "Bullock, Alfred"]
[Result "1/2-1/2"]
[WhiteElo "1631"]
[BlackElo "1596"]
[PlyCount "32"]
[EventDate "2005.09.19"]
[EventType "swiss"]
[EventRounds "7"]
[EventCountry "AUT"]
[SourceTitle "EXT 2007"]
[Source "ChessBase"]
[SourceDate "2006.11.23"]
[SourceVersion "1"]
[SourceVersionDate "2006.11.23"]
[SourceQuality "1"]

1. d4 e6 2. Nf3 Nf6 3. c4 b6 4. g3 Bb7 5. Bg2 Be7 6. 0-0 0-0 7. Nc3 d6 8. Re1 Ne4 9. Qc2 Nxc3 10. Qxc3 Na6 11. a3 c5 12. Be3 Bf6 13. Qd2 cxd4 14. Bxd4 Bxd4 15. Qxd4 d5 16. cxd5 Qxd5 1/2-1/2

[Event "Seefeld Seniors op 1st"]
[Site "Seefeld"]
[Date "2005.09.20"]
[Round "2.8"]
[White "Westermayer, Johann"]
[Black "Wegener, Wilfried"]
[Result "1/2-1/2"]
[WhiteElo "1631"]
[BlackElo "1639"]
[PlyCount "30"]
[EventDate "2005.09.19"]
[EventType "swiss"]
[EventRounds "7"]
[EventCountry "AUT"]
[SourceTitle "EXT 2007"]
[Source "ChessBase"]
[SourceDate "2006.11.23"]
[SourceVersion "1"]
[SourceVersionDate "2006.11.23"]
[SourceQuality "1"]

1. d4 d5 2. Nf3 Bf5 3. c4 e6 4. Nc3 Nf6 5. e3 Be7 6. cxd5 exd5 7. Bd3 Bxd3 8. Qxd3 0-0 9. 0-0 Nc6 10. a3 a6 11. b4 b5 12. Bb2 Qd6 13. Rac1 Rfd8 14. Ne2 h6 15. Qc2 Nb8 1/2-1/2

[Event "Seefeld Seniors op 1st"]
[Site "Seefeld"]
[Date "2005.09.19"]
[Round "1.1"]
[White "Rahn, Oskar"]
[Black "Westermayer, Johann"]
[Result "1-0"]
[WhiteElo "2064"]
[BlackElo "1631"]
[PlyCount "29"]
[EventDate "2005.09.19"]
[EventType "swiss"]
[EventRounds "7"]
[EventCountry "AUT"]
[SourceTitle "EXT 2007"]
[Source "ChessBase"]
[SourceDate "2006.11.23"]
[SourceVersion "1"]
[SourceVersionDate "2006.11.23"]
[SourceQuality "1"]

1. e4 c5 2. Nf3 Nc6 3. Bb5 d6 4. d4 cxd4 5. Nxd4 Bd7 6. Nc3 g6 7. Be3 Bg7 8. Qd2 a6 9. Be2 Qc8 10. Nd5 Qd8 11. Nxc6 Bxc6 12. Bb6 Qc8 13. Nc7+ Kf8 14. Nxa8 Qxa8 15. Bd4 1-0

[Event "Graz op"]
[Site "Graz"]
[Date "2005.09.07"]
[Round "5"]
[White "Westermayer, Johann"]
[Black "Zirngast, Erhard"]
[Result "0-1"]
[WhiteElo "1891"]
[BlackElo "2050"]
[PlyCount "63"]
[EventDate "2005.09.03"]
[EventType "swiss"]
[EventRounds "9"]
[EventCountry "AUT"]
[SourceTitle "EXT 2007"]
[Source "ChessBase"]
[SourceDate "2006.11.23"]
[SourceVersion "1"]
[SourceVersionDate "2006.11.23"]
[SourceQuality "1"]

1. Nf3 g6 2. e4 Bg7 3. c4 c6 4. d4 d5 5. e5 Be6 6. b3 dxc4 7. bxc4 Nh6 8. Be2 0-0 9. 0-0 Bg4 10. Bb2 Nf5 11. h3 Bxf3 12. Bxf3 Qb6 13. Qb3 Rd8 14. Qxb6 axb6 15. Rd1 Na6 16. g4 Nh4 17. Be2 c5 18. f4 Nb4 19. a3 Nc2 20. Ra2 Nxd4 21. Bxd4 Rxd4 22. Rxd4 cxd4 23. Rb2 g5 24. fxg5 Bxe5 25. Bd3 Nf3+ 26. Kf2 Nxg5 27. h4 Ne6 28. Rxb6 Nc5 29. Ke2 Bd6 30. Rb2 e5 31. Rb6 Bc7 32. Bf5 0-1

[Event "Graz op"]
[Site "Graz"]
[Date "2005.09.06"]
[Round "4"]
[White "Wieser, Andreas"]
[Black "Westermayer, Johann"]
[Result "1-0"]
[WhiteElo "2100"]
[BlackElo "1891"]
[PlyCount "61"]
[EventDate "2005.09.03"]
[EventType "swiss"]
[EventRounds "9"]
[EventCountry "AUT"]
[SourceTitle "EXT 2007"]
[Source "ChessBase"]
[SourceDate "2006.11.23"]
[SourceVersion "1"]
[SourceVersionDate "2006.11.23"]
[SourceQuality "1"]

1. e4 c5 2. Nf3 Nc6 3. d4 cxd4 4. Nxd4 g6 5. Nc3 Bg7 6. Be3 Nf6 7. Nxc6 bxc6 8. e5 Ng8 9. Bd4 f6 10. f4 d6 11. exd6 exd6 12. Qf3 Ne7 13. 0-0-0 0-0 14. Bc4+ Kh8 15. Rhe1 Qc7 16. g4 Bb7 17. Qe2 Ng8 18. Be6 Bc8 19. f5 g5 20. Kb1 Rb8 21. Bb3 Bd7 22. Qc4 Rfc8 23. h4 d5 24. Qc5 Rb7 25. Na4 Qf4 26. hxg5 Qxg5 27. Qc3 Re8 28. Nc5 Rxe1 29. Rxe1 Rc7 30. Qg3 Bxf5 31. Qxc7 1-0

[Event "Bad Woerishofen Seniors op 21st"]
[Site "Bad Woerishofen"]
[Date "2005.03.07"]
[Round "5"]
[White "Schielke, Klaus"]
[Black "Westermayer, Johann"]
[Result "1/2-1/2"]
[WhiteElo "1438"]
[BlackElo "1509"]
[PlyCount "26"]
[EventDate "2005.03.03"]
[EventType "swiss"]
[EventRounds "9"]
[EventCountry "GER"]
[SourceTitle "EXT 2006"]
[Source "ChessBase"]
[SourceDate "2005.11.24"]
[SourceVersion "1"]
[SourceVersionDate "2005.11.24"]
[SourceQuality "1"]

1. d4 d5 2. Nf3 Nf6 3. e3 c5 4. b3 cxd4 5. exd4 Bg4 6. Be2 e6 7. 0-0 Nc6 8. Bb2 Bd6 9. Nbd2 Qc7 10. h3 Bh5 11. Rc1 Rc8 12. Re1 0-0 13. c4 dxc4 1/2-1/2

[Event "Bad Woerishofen Seniors op 21st"]
[Site "Bad Woerishofen"]
[Date "2005.03.04"]
[Round "2"]
[White "Westermayer, Johann"]
[Black "Minz, Michail"]
[Result "0-1"]
[WhiteElo "1509"]
[BlackElo "2055"]
[PlyCount "52"]
[EventDate "2005.03.03"]
[EventType "swiss"]
[EventRounds "9"]
[EventCountry "GER"]
[SourceTitle "EXT 2006"]
[Source "ChessBase"]
[SourceDate "2005.11.24"]
[SourceVersion "1"]
[SourceVersionDate "2005.11.24"]
[SourceQuality "1"]

1. Nf3 d5 2. d4 Nc6 3. g3 Bg4 4. Bg2 e6 5. c3 Bd6 6. b3 Nf6 7. Ba3 Qe7 8. Bxd6 Qxd6 9. 0-0 Rd8 10. Qc1 0-0 11. Qa3 Ne4 12. Qxd6 Rxd6 13. Re1 Bxf3 14. Bxf3 f5 15. Bg2 e5 16. f3 Nf6 17. e3 g5 18. Nd2 Re8 19. b4 a6 20. a4 Rde6 21. Kf2 Nd8 22. e4 exd4 23. exd5 Rxe1 24. Rxe1 Rxe1 25. Kxe1 dxc3 26. Nc4 Nxd5 0-1